|
|
|
|
| LEADER |
00000nam a2200000 a 4500 |
| 001 |
vtls009313777 |
| 003 |
SK-MaSNL |
| 005 |
20260301081726.0 |
| 008 |
210928s1974 xo a a 000 m slo |
| 040 |
|
|
|a SNK
|b slo
|c SNK
|e AACR2
|
| 041 |
0 |
|
|a slo
|
| 044 |
|
|
|a xo
|c SK
|
| 072 |
|
7 |
|a 821-93
|x Literatúra pre deti a mládež (beletria)
|2 konspekt
|
| 072 |
|
7 |
|a 821.162.4-1
|x Slovenská poézia
|2 konspekt
|
| 080 |
|
|
|a 82-93-053.2
|2 2011
|
| 080 |
|
|
|a 821.162.4-1
|2 2011
|
| 080 |
|
|
|a 821.162.4-34
|2 2011
|
| 080 |
|
|
|a (0:82-1)
|2 2011
|
| 080 |
|
|
|a (0:82-34)
|2 2011
|
| 100 |
1 |
|
|a Rázusová-Martáková, Mária,
|d 1905-1964
|4 aut
|9 17404
|
| 245 |
1 |
0 |
|a Zatúlané húsa
|c Mária Rázusová-Martáková ; ilustroval Ladislav Nesselman
|
| 250 |
|
|
|a 6. vyd.
|
| 260 |
|
|
|a Bratislava
|b Mladé letá
|c 1974
|
| 300 |
|
|
|a [12] s.
|b ilustr.
|c 24 cm
|
| 366 |
|
|
|e 20000 výt.
|
| 490 |
1 |
|
|a Leporelá
|
| 655 |
|
7 |
|a slovenská poézia
|2 SNKPH
|9 70444
|
| 655 |
|
7 |
|a slovenské rozprávky
|2 SNKPH
|9 70528
|
| 655 |
|
7 |
|a publikácie pre deti
|2 SNKPH
|9 70148
|
| 655 |
|
7 |
|a Slovak poetry
|2 SNKPH
|9 265010
|
| 655 |
|
7 |
|a Slovak fairy tales
|2 SNKPHeng
|9 292250
|
| 655 |
|
7 |
|a Publications for children
|2 SNKPHeng
|9 276792
|
| 700 |
1 |
|
|a Nesselman, Ladislav,
|d 1927-1987
|4 ill
|9 116426
|
| 830 |
|
0 |
|a Leporelá
|9 276890
|
| 958 |
|
|
|a OND
|
| 999 |
|
|
|c 656639
|d 658569
|
| 952 |
|
|
|a SNK
|b SNK
|y PREZ
|7 0
|p 17A0595138
|o snkOSC 24466
|i snk2008/14457
|8 3
|g 1.99
|0 0
|1 0
|4 0
|d 2008-07-23
|l 0
|r 2026-02-23 18:40:37
|w 2026-02-23
|